000 00687nam a2200277Ia 4500
005 20260324120019.0
008 008 260324s9999 xx 000 0 eng d
020 _a9780203756614
037 _aEBOOK
040 _aCRL
040 _beng
040 _cCRL
041 _2eng
041 _aeng
084 _qCRL
100 _aAndreas Deja
_91156887
245 4 _aThe Nine Old Men: Lessons, Techniques, and Inspiration from Disney's Great Animators
260 _bTaylor and Francis
260 _c2015
365 _a
365 _b89.99
856 _uhttp://www.taylorfrancis.com/books/9780203756614
942 _cEBOOK
999 _c1748175
_d1748175